[Event "Memorial Tringov (open)"]
[Site "masterchessopen.com - Plovdiv (Bulgaria)"]
[Date "2012.02.05"]
[Round "9"]
[White "Petkov Vladimir (BUL)"]
[Black "Piscopo Pierluigi (ITA)"]
[Result "1-0"]
[WhiteElo "2519"]
[BlackElo "2386"]

1.d4 Nf6 2.c4 g6 3.Nc3 Bg7 4.e4 O-O 5.Be2 c5 6.d5 d6 7.Nf3 e6 8.O-O exd5
9.cxd5 Bg4 10.Re1 a6 11.Bf4 Bxf3 12.Bxf3 Ne8 13.Be2 b5 14.Qd2 Nd7 15.a4 bxa4
16.Rxa4 Qb6 17.Rea1 Nc7 18.R1a2 Rfe8 19.Nd1 Bd4 20.Ne3 Rxe4 21.Nc4 Qb5 22.Bf1
Nf6 23.Nxd6 Qd7 24.Nxe4 Nxe4 25.Qc2 Nd6 26.b4 Nxd5 27.bxc5 Nf5 28.c6 Qe8
29.Bd2 Qe5 30.Ba5 {#r} 1-0

[Event "Ch Finland (team) 2011/12 (1 Division)"]
[Site "masterchessopen.com - Helsinki (Finland)"]
[Date "2012.02.11"]
[Round "6"]
[White "Kinnunen Kari (FIN)"]
[Black "Ivanov Sergei (RUS)"]
[Result "0-1"]
[WhiteElo "2184"]
[BlackElo "2356"]

1.d4 Nf6 2.c4 e6 3.Nf3 c5 4.d5 exd5 5.cxd5 d6 6.Nc3 g6 7.e4 Bg7 8.Be2 O-O
9.O-O Bg4 10.Be3 Re8 11.Nd2 Bxe2 12.Qxe2 Na6 13.f3 Nc7 14.Qd3 b5 15.Nxb5 Nxb5
16.Qxb5 Nxd5 17.Bf2 Rb8 18.Qa6 Rxb2 19.exd5 Rxd2 20.Rae1 Rxe1 21.Rxe1 Bd4
22.Bxd4 cxd4 23.g3 Qf6 24.Qc8+ Kg7 25.Re8 Qxf3 26.Rg8+ Kf6 27.Qd8+ Kf5 28.Qd7+
Kg5 29.Qe7+ f6 30.h4+ Kg4 31.Qe6+ f5 32.Rxg6+ Kh3 {#R} 0-1

[Event "It \"]
[Site "masterchessopen.com - Neustadt a.d. Weinstrasse (Germany)"]
[Date "2012.02.23"]
[Round "9"]
[White "Hecht Carsten"]
[Black "Jacob Volker (GER)"]
[Result "0-1"]
[WhiteElo "1987"]
[BlackElo "2246"]

1.d4 Nf6 2.c4 c5 3.d5 e6 4.Nc3 exd5 5.cxd5 d6 6.e4 g6 7.Nf3 Bg7 8.Be2 O-O
9.O-O Bg4 10.Nd2 Bxe2 11.Qxe2 Nbd7 12.Nc4 Ne8 13.f4 Nb6 14.Nxb6 Qxb6 15.e5 Nc7
16.Bd2 Rae8 17.Qf2 dxe5 18.Be3 Na6 19.f5 gxf5 20.Qxf5 e4 21.Bf4 Qg6 22.Qxg6
fxg6 23.d6 Bd4+ 24.Kh1 e3 25.d7 Rd8 26.Bh6 Rf7 27.Rxf7 Kxf7 28.Rf1+ Ke6 29.Re1
Nb4 30.Re2 Nd5 31.Nxd5 Kxd5 32.Bxe3 Rxd7 33.Bxd4 cxd4 34.Kg1 Rf7 35.Re8 Kc4
36.Rd8 Kd3 37.b3 Ke3 38.h3 d3 39.Re8+ Kd2 40.Re5 Kd1 41.Re8 d2 42.Rd8 Rc7 {#R}
0-1

[Event "Czech League 2011/12 (2nd) (f)"]
[Site "masterchessopen.com - Czech Republic"]
[Date "2012.03.25"]
[Round "10"]
[White "Tomecek Jan (CZE)"]
[Black "Sikora-Lerch Jan (CZE)"]
[Result "0-1"]
[WhiteElo "2201"]
[BlackElo "2207"]

1.d4 c5 2.d5 Nf6 3.c4 e6 4.Nc3 exd5 5.cxd5 d6 6.e4 g6 7.Nf3 Bg7 8.Be2 O-O
9.O-O Bg4 10.Bf4 Ne8 11.Nd2 Bxe2 12.Qxe2 Nd7 13.Nc4 Nb6 14.Rfe1 Nxc4 15.Qxc4
a6 16.a4 Nc7 17.b4 b5 18.axb5 axb5 19.Qb3 Rxa1 20.Rxa1 Qf6 21.Bd2 Qd4 22.Rd1
cxb4 23.Na2 Qxe4 24.Nxb4 Ra8 25.Be3 Ra1 26.Rxa1 Bxa1 27.h3 Bd4 28.Bxd4 Qxd4
29.g3 h5 30.Kg2 Kg7 31.h4 Ne8 32.Nd3 Qe4+ 33.Kg1 Nf6 34.Qxb5 Qxd5 35.Qa6 Qd4
36.Qb5 Ne4 37.Kg2 Nd2 38.Qa6 Qe4+ 39.Kg1 Nf3+ 40.Kf1 Nd4 41.Kg1 Nf3+ 42.Kf1
Nd4 43.Kg1 Qe2 44.Qa3 Nf3+ 45.Kg2 Qxd3 {#R} 0-1

[Event "It (open)"]
[Site "masterchessopen.com - Montevideo (Uruguay)"]
[Date "2012.06.17"]
[Round "5"]
[White "Roselli Mailhe Bernardo (URU)"]
[Black "Muniz Rafael (URU)"]
[Result "1-0"]
[WhiteElo "2419"]
[BlackElo "2208"]

1.d4 Nf6 2.c4 c5 3.d5 d6 4.Nc3 g6 5.e4 Bg7 6.Nf3 O-O 7.Be2 e6 8.O-O exd5
9.cxd5 Bg4 10.h3 Bxf3 11.Bxf3 Na6 12.Bf4 Nc7 13.a4 b6 14.Qd2 Nfe8 15.Rfe1 Be5
16.Rad1 Qe7 17.Bxe5 Qxe5 18.Bg4 h5 19.Bd7 Rd8 20.Bc6 a6 21.f4 Qg7 22.Qe2 f6
23.Rd3 Kh7 24.Re3 Qh6 25.Rf3 Rf7 26.h4 Ng7 27.Rff1 Nge8 28.Qc4 Re7 29.b4 Qg7
30.bxc5 dxc5 31.Qb3 b5 32.axb5 axb5 33.Qc2 Nd6 34.Nb1 c4 35.Nd2 Na6 36.Qc3 Nb8
37.e5 fxe5 38.fxe5 Nxc6 39.dxc6 Nf5 40.Ne4 Kh8 41.Nf6 Nd4 42.Qa5 Rc8 43.Qa6
Rec7 44.Qb6 Nxc6 45.e6 c3 46.Qxb5 c2 47.Qg5 Nd4 48.e7 c1=Q 49.e8=Q+ {#r} 1-0

[Event "Ch Greece (team)"]
[Site "masterchessopen.com - Achaea (Greece)"]
[Date "2012.06.30"]
[Round "1"]
[White "Oikonomou Nikolaos Ch (GRE)"]
[Black "Capone Nicola (BEL)"]
[Result "0-1"]
[WhiteElo "1491"]
[BlackElo "2127"]

1.d4 Nf6 2.Nf3 e6 3.c4 c5 4.d5 exd5 5.cxd5 d6 6.Nc3 g6 7.e4 Bg7 8.Be2 O-O
9.O-O Bg4 10.Nd2 Bxe2 11.Qxe2 Re8 12.Nc4 b5 13.Nxb5 Nxe4 14.Be3 a6 15.Nba3 Qc7
16.Nc2 Nd7 17.f3 Nef6 18.Qd2 Ne5 19.N2a3 Nfd7 20.Rab1 Nxc4 21.Nxc4 a5 22.Bf4
Bd4+ 23.Kh1 Ne5 24.Nxe5 dxe5 25.Be3 Qd6 26.f4 Qxd5 27.fxe5 Rxe5 28.Rbd1 Rd8
29.Bxd4 cxd4 30.Rf4 d3 31.Rf3 Re2 32.Qc3 d2 33.Kg1 Qe4 34.Kf1 Re8 35.Rf2 Re1+
{#R} 0-1

[Event "It (open)"]
[Site "masterchessopen.com - Maringa (Brazil)"]
[Date "2012.08.11"]
[Round "6"]
[White "Cavalcanti Francisco (BRA)"]
[Black "Yano William (BRA)"]
[Result "1-0"]
[WhiteElo "2290"]
[BlackElo "2124"]

1.d4 Nf6 2.c4 c5 3.d5 e6 4.Nc3 exd5 5.cxd5 d6 6.e4 g6 7.Nf3 Bg7 8.Be2 O-O
9.O-O Bg4 10.Qc2 Na6 11.h3 Bxf3 12.Bxf3 Nc7 13.Bf4 Qe7 14.Rfe1 Nd7 15.Rad1 b5
16.Be2 Rab8 17.Bf1 Ne5 18.a4 b4 19.Nb5 Ne8 20.Bh2 g5 21.Rc1 a6 22.Nxd6 Nxd6
23.Qxc5 Rfc8 24.Qa5 Rxc1 25.Rxc1 Nxe4 26.Qxa6 Rd8 27.Rc8 Qd7 28.Rxd8+ Qxd8
29.Qb5 Nd2 30.Be2 Qc8 31.Bg3 g4 32.Qxb4 Qc1+ 33.Kh2 Nef3+ 34.gxf3 gxf3 35.Qb8+
Bf8 36.Bd6 {#r} 1-0